书目信息 |
| 题名: |
软岩工程设计理论与施工实践
|
|
| 作者: | 刘特洪 , 林天健 编著 | |
| 分册: | ||
| 出版信息: | 北京 中国建筑工业出版社 2001.05 |
|
| 页数: | 439页 | |
| 开本: | 26cm | |
| 丛书名: | ||
| 单 册: | ||
| 中图分类: | TU4 | |
| 科图分类: | ||
| 主题词: | 土力学 , 地基--基础(工程) | |
| 电子资源: | ||
| ISBN: | 7-112-04573-8 | |
| 000 | 00685nam0 2200217 45 | |
| 001 | 0259238778 | |
| 005 | 2002041116271877 | |
| 010 | @a7-112-04573-8@dRMB 62.00 | |
| 100 | @a20020411d2001 km y0chiy0120 ea | |
| 101 | 0 | @achi |
| 102 | @aCN@b110000 | |
| 200 | 1 | @a软岩工程设计理论与施工实践@Aruan yan gong cheng she ji li lun yu shi gong shi jian@f刘特洪,林天健编著@FLiu Te Hong,Lin Tian Jian Bian Zhu |
| 210 | @a北京@c中国建筑工业出版社@d2001.05 | |
| 215 | @a439页@d26cm | |
| 606 | 0 | @a土力学 |
| 606 | 0 | @a地基@x基础(工程) |
| 690 | @aTU4@v3 | |
| 701 | 0 | @a刘特洪@ALiu Te Hong@4编著 |
| 701 | 0 | @a林天健@ALin Tian Jian@4编著 |
| 801 | 0 | @aCN@bPFT@c20020411 |
| 905 | @a10447@dTU4@eL682 | |
| 软岩工程设计理论与施工实践/刘特洪,林天健编著.-北京:中国建筑工业出版社,2001.05 |
| 439页;26cm |
| ISBN 7-112-04573-8:RMB 62.00 |
| ● |
| 相关链接 |
|
|
|
正题名:软岩工程设计理论与施工实践
索取号:TU4/L682
 
预约/预借
| 序号 | 登录号 | 条形码 | 馆藏地/架位号 | 状态 | 备注 |
| 1 | 355885 | 203558854 | 建筑库101/101建筑库 92排3列5层/ [索取号:TU4/L682] | 在馆 | |
| 2 | 355886 | 203558863 | 建筑库101/101建筑库 92排3列5层/ [索取号:TU4/L682] | 在馆 |